Electronic media law and regulation / (Record no. 39312)
[ view plain ]
| 000 -LEADER | |
|---|---|
| fixed length control field | 00799nam a2200241 a 4500 |
| 003 - CONTROL NUMBER IDENTIFIER | |
| control field | OSt |
| 005 - DATE AND TIME OF LATEST TRANSACTION | |
| control field | 20140311163006.0 |
| 008 - FIXED-LENGTH DATA ELEMENTS--GENERAL INFORMATION | |
| fixed length control field | 040720s19uu xx 00 eng d |
| 020 ## - INTERNATIONAL STANDARD BOOK NUMBER | |
| International Standard Book Number | 0-240-80509-7 |
| 050 ## - LIBRARY OF CONGRESS CALL NUMBER | |
| Classification number | KF 2805 |
| Item number | .C74 2003 |
| 100 ## - MAIN ENTRY--PERSONAL NAME | |
| Personal name | Creech, Kenneth |
| 9 (RLIN) | 30506 |
| 245 ## - TITLE STATEMENT | |
| Title | Electronic media law and regulation / |
| Statement of responsibility, etc | Kenneth Creech. |
| 250 ## - EDITION STATEMENT | |
| Edition statement | 4th ed. |
| 260 ## - PUBLICATION, DISTRIBUTION, ETC. (IMPRINT) | |
| Place of publication, distribution, etc | Oxford : |
| Name of publisher, distributor, etc | Focal press, |
| Date of publication, distribution, etc | c2003. |
| 300 ## - PHYSICAL DESCRIPTION | |
| Extent | xxiii, 460 p. : |
| Dimensions | 22 cm. |
| 500 ## - GENERAL NOTE | |
| General note | Includes Index. |
| 650 ## - SUBJECT ADDED ENTRY--TOPICAL TERM | |
| Topical term or geographic name as entry element | Telivision |
| General subdivision | Law and legislation |
| -- | United States. |
| 9 (RLIN) | 30507 |
| 650 ## - SUBJECT ADDED ENTRY--TOPICAL TERM | |
| Topical term or geographic name as entry element | Radio |
| General subdivision | Law and legislation |
| -- | United States. |
| 9 (RLIN) | 30508 |
| 650 ## - SUBJECT ADDED ENTRY--TOPICAL TERM | |
| Topical term or geographic name as entry element | Mass media |
| General subdivision | Law and legislation |
| -- | United States. |
| 9 (RLIN) | 30509 |
| 650 ## - SUBJECT ADDED ENTRY--TOPICAL TERM | |
| Topical term or geographic name as entry element | Internet |
| General subdivision | Law and legislation |
| -- | United States. |
| 9 (RLIN) | 30510 |
| 942 ## - ADDED ENTRY ELEMENTS (KOHA) | |
| Koha item type | Books |
| Source of classification or shelving scheme | Library of Congress Classification |
| Call number prefix | Foreign |
| Withdrawn status | Lost status | Source of classification or shelving scheme | Damaged status | Home library | Current library | Shelving location | Date acquired | Total Checkouts | Total Renewals | Full call number | Barcode | Date last seen | Date checked out | Price effective from | Koha item type |
|---|---|---|---|---|---|---|---|---|---|---|---|---|---|---|---|
| Library of Congress Classification | College Library | College Library | General Circulation Section | 07/20/2004 | 1 | 2 | KF 2805 .C74 2003 | C5085 | 05/15/2018 | 09/09/2014 | 02/19/2014 | Books |